Reproducción e inseminación artificial en animales / (Record no. 167509)
[ view plain ]
| 000 -CABECERA | |
|---|---|
| campo de control de longitud fija | 01205nam a2200337Ia 4500 |
| 001 - NÚMERO DE CONTROL | |
| campo de control | Z_4439 |
| 003 - IDENTIFICADOR DEL NÚMERO DE CONTROL | |
| campo de control | CHAP |
| 008 - DATOS DE LONGITUD FIJA--INFORMACIÓN GENERAL | |
| campo de control de longitud fija | 220113sc198 xx 000 0 und d |
| 010 ## - NÚMERO DE CONTROL DE LA BIBLIOTECA DEL CONGRESO | |
| Número de control de LC | 167509 |
| 020 ## - NÚMERO INTERNACIONAL ESTÁNDAR DEL LIBRO | |
| Número Internacional Estándar del Libro | 968-25-0780-4 \ 0-8121-0697-8 (edición original) |
| 040 ## - FUENTE DE LA CATALOGACIÓN | |
| Centro/agencia transcriptor | CHAP |
| 082 ## - NÚMERO DE LA CLASIFICACIÓN DECIMAL DEWEY | |
| Número de clasificación | 636.0824 R47 |
| 240 ## - TÍTULO UNIFORME | |
| Título uniforme | Reproduction in farm animals |
| 245 ## - MENCIÓN DE TÍTULO | |
| Título | Reproducción e inseminación artificial en animales / |
| Mención de responsabilidad, etc. | editor Elsayed Saad Eldin Hafez; traductor Flor de María Berenguer Íbarrondo |
| 250 ## - MENCIÓN DE EDICIÓN | |
| Mención de edición | 4a. ed. |
| 260 ## - PUBLICACIÓN, DISTRIBUCIÓN, ETC. | |
| Lugar de publicación, distribución, etc. | México : |
| Nombre del editor, distribuidor, etc. | Nueva Editorial Interamericana, |
| Fecha de publicación, distribución, etc. | c198 |
| 300 ## - DESCRIPCIÓN FÍSICA | |
| Extensión | viii, 599 p. |
| 500 ## - NOTA GENERAL | |
| Nota general | Traducción y adaptación de la cuarta edición en inglés: Reproduction in farm animals, |
| 503 ## - NOTA DE HISTORIA BIBLIOGRÁFICA (BK CF MU) [OBSOLETO] | |
| Nota de historia bibliográfica | ej.1: 142686 \ ej.2: 1866 \ ej.3: 143581\ 3j.4: 142685 \ ej.5: 143579 \ ej.6: 143580 \ ej.7: s/n |
| 650 ## - PUNTO DE ACCESO ADICIONAL DE MATERIA--TÉRMINO DE MATERIA | |
| Término de materia o nombre geográfico como elemento de entrada | Fisiología veterinaria |
| 9 (RLIN) | 132539 |
| 650 ## - PUNTO DE ACCESO ADICIONAL DE MATERIA--TÉRMINO DE MATERIA | |
| Término de materia o nombre geográfico como elemento de entrada | Inseminación artificial |
| 9 (RLIN) | 58964 |
| 650 ## - PUNTO DE ACCESO ADICIONAL DE MATERIA--TÉRMINO DE MATERIA | |
| Término de materia o nombre geográfico como elemento de entrada | Reproducción animal |
| 9 (RLIN) | 96028 |
| 700 ## - PUNTO DE ACCESO ADICIONAL--NOMBRE DE PERSONA | |
| Nombre de persona | Berenguer Íbarrondo, Flor de María, tr. |
| 9 (RLIN) | 141737 |
| 700 ## - PUNTO DE ACCESO ADICIONAL--NOMBRE DE PERSONA | |
| Nombre de persona | Hafez, Elsayed Saad Eldin, ed. |
| 9 (RLIN) | 138008 |
| 901 ## - ELEMENTOS DE DATOS A LOCAL LDA (RLIN) | |
| a | 636.0824 R47 |
| 902 ## - ELEMENTOS DE DATOS B LOCAL, LDB (RLIN) | |
| a | M |
| 910 ## - DATOS DE OPCIÓN DEL USUARIO (OCLC) | |
| Datos de opción del usuario | c198 |
| 942 ## - ELEMENTOS DE PUNTO DE ACCESO ADICIONAL (KOHA) | |
| Tipo de ítem Koha | Libro_ |
| 942 ## - ELEMENTOS DE PUNTO DE ACCESO ADICIONAL (KOHA) | |
| Tipo de ítem Koha | |
| Estado de retiro | Estado de pérdida | Fuente del sistema de clasificación o colocación | Estado dañado | No para préstamo | Código de colección | Localización permanente | Ubicación/localización actual | Ubicación en estantería | Fecha de adquisición | Total de préstamos | Código de barras | Fecha visto por última vez | Fecha del último préstamo | Número de copia | Precio válido a partir de | Tipo de ítem Koha |
|---|---|---|---|---|---|---|---|---|---|---|---|---|---|---|---|---|
| Dewey Decimal Classification | General | Zootecnia | Zootecnia | 09/11/2005 | 3 | z_0309 | 18/11/2025 | 18/11/2025 | 1 | 18/01/2022 | Libro | |||||
| Dewey Decimal Classification | General | Zootecnia | Zootecnia | 09/11/2005 | 1 | z_0349 | 29/10/2025 | 29/10/2025 | 2 | 18/01/2022 | Libro | |||||
| Dewey Decimal Classification | General | Zootecnia | Zootecnia | 09/11/2005 | z_0350 | 18/01/2022 | 3 | 18/01/2022 | Libro | |||||||
| Dewey Decimal Classification | General | Zootecnia | Zootecnia | 09/11/2005 | z_0351 | 18/01/2022 | 4 | 18/01/2022 | Libro | |||||||
| Dewey Decimal Classification | General | Zootecnia | Zootecnia | 09/11/2005 | z_1065 | 18/01/2022 | 5 | 18/01/2022 | Libro | |||||||
| Dewey Decimal Classification | General | Zootecnia | Zootecnia | 11/10/2011 | z_1088 | 18/01/2022 | 6 | 18/01/2022 | Libro | |||||||
| Dewey Decimal Classification | General | Zootecnia | Zootecnia | 11/10/2011 | 2 | z_1091 | 12/02/2025 | 06/02/2025 | 7 | 18/01/2022 | Libro |
